Państwa najbliżej Polski A-Z - Statystyki

Ogólne statystyki
  • Ten quiz został rozwiązany 20 700 razy
    20 679 od ostatniego zresetowania
  • Średni wynik to 19 z 24
Statystyki odpowiedzi
Litera Państwo % Poprawnych
C Czechy
97%
D Dania
94%
B Białoruś
93%
E Estonia
93%
L Litwa
93%
R Rosja
93%
F Francja
92%
Ł Łotwa
92%
S Słowacja
91%
N Niemcy
88%
A Austria
82%
U Ukraina
82%
H Holandia
81%
G Grecja
79%
O Oman
79%
P Portugalia
74%
T Turcja
72%
W Węgry
69%
I Irlandia
65%
M Mołdawia
65%
V Vanuatu
60%
J Jordania
53%
K Kosowo
52%
Z Zjednoczone Emiraty Arabskie
39%
Nie znaleziono quizów pasujących do podanych kryteriów
Rozkład punktacji
Procent ludzi z każdym wynikiem
Percentyl według liczby udzielonych odpowiedzi
Twoja historia wyników
Nie rozwiązałeś tego quizu od ostatniego zresetowania